Les 10 plus grosses victoires de l'equipe de france - Statistiques

Statistiques générales
  • Ce quiz a été pris 50 fois
  • Le résultat moyen est 6 sur 10
Statistiques - réponses
Confédérations Classement FIFA
en 2023
Score Réponse Date % Correct
UEFA 89 8-0 Luxembourg 17 Décembre 1953
79%
UEFA 89 8-0 Luxembourg 29 Avril 1913
79%
CONCACAF 58 8-0 Jamaïque 8 Juin 2014
74%
UEFA 121 10-0 Azerbaïdjan 6 Septembre 1995
55%
CONCACAF 11 0-6 Etats-Unis 2 Mai 1979
55%
UEFA 50 7-1 Grèce 1 Octobre 1958
51%
UEFA 129 0-6 îles Féroé 13 Octobre 2007
49%
UEFA 118 0-7 Chypre 11 Octobre 1980
47%
UEFA 134 7-0 Lettonie 27 Mai 1924
47%
UEFA 67 8-0 Islande 2 Juin 1957
43%
Aucun quiz correspondant
Distribution des résultats
% des personnes avec chaque résultat
Percentile par nombre de réponses
Votre historique - résultats
Vous n’avez pas pris ce quiz